000
00310nam a2200133 4500
008
181030b xxu||||| |||| 00| 0 eng d
020
_a
0397540752
041
_a
eng
080
_a
610.73
100
_a
2
101
_a
INF
245
_a
Pharmacology and Drug therapy in Nursing
_c
Rodman,M.J
942
_2
ddc
_c
BK
999
_c
51139
_d
51139